La estética de la Edad Media
Đã lưu trong:
| Tác giả chính: | |
|---|---|
| Định dạng: | Sách |
| Ngôn ngữ: | Tiếng Tây Ban Nha |
| Được phát hành: |
Santiago
Antonio Machado Libros
2010
|
| Phiên bản: | 3a. ed |
| Loạt: | La Balsa de la Medusa, 15
|
| Những chủ đề: | |
| Các nhãn: |
Thêm thẻ
Không có thẻ, Là người đầu tiên thẻ bản ghi này!
|
MARC
| LEADER | 00000cam a2200000 a 4500 | ||
|---|---|---|---|
| 001 | UCE7682 | ||
| 003 | CL-VaPUC | ||
| 008 | 150626e20100000cl |||||||||||||||||spa|d | ||
| 020 | |a 9788477740162 | ||
| 082 | 0 | 4 | |a 701.17 |b BRU |2 21 |
| 100 | 0 | |a Bruyne, Edgar de |e author |9 580368 | |
| 245 | 1 | 3 | |a La estética de la Edad Media |
| 250 | |a 3a. ed | ||
| 300 | |a 262 p | ||
| 942 | |c BK | ||
| 945 | |d 20150626 15:30:00 |a gsalatino | ||
| 260 | |a Santiago |b Antonio Machado Libros |c 2010 | ||
| 650 | 0 | |a Estética |9 264950 | |
| 650 | 0 | |a Edad media |9 258041 | |
| 651 | 7 | |a CHILE |2 CL-VaPUC |9 580369 | |
| 583 | |a last modification |c 20150626 15:30:00 |k Rodrigo Vera | ||
| 490 | 0 | |a La Balsa de la Medusa, 15 | |
| 999 | |c 359730 |d 359728 | ||
| 952 | |0 0 |1 0 |3 erb |4 0 |6 701_170000000000000_BRU_2010 |7 0 |8 A |9 469251 |a BIBART |b BIBART |i 5165288 |o 701.17 BRU 2010 |p 5165288 |r 2025-03-13 |w 2019-11-23 |y BK |z Catalogado en:20150626 |k ART | ||